000
00324nam a2200145Ia 4500
008
221030s9999 xx 000 0 und d
041
_a
English
082
_a
105.23
_b
Bha
100
_a
S. K. Bhattacharya
245
0
_a
Electrical Machines
260
_b
TMH
_a
New Delhi
_c
1989
300
_a
446
650
_a
EE
942
_c
BK
999
_c
1326
_d
1326